书目信息 |
| 题名: |
高分子化学与物理实验
|
|
| 作者: | 支俊格 , 叶彦春 , 龙海涛 编著 | |
| 分册: | ||
| 出版信息: | 北京 北京理工大学出版社 2019.08 |
|
| 页数: | 161页 | |
| 开本: | 26cm | |
| 丛书名: | ||
| 单 册: | ||
| 中图分类: | O63-33 , O631.2-33 | |
| 科图分类: | ||
| 主题词: | 高分子化学--gao fen zi hua xue--化学实验--高等教育--教材 , 高聚物物理学--gao ju wu wu li xue--实验--高等教育--教材 | |
| 电子资源: | ||
| ISBN: | 978-7-5682-7444-9 | |
| 000 | 01461nam0 2200301 450 | |
| 001 | 2046467150 | |
| 005 | 20201105125434.15 | |
| 010 | @a978-7-5682-7444-9@dCNY38.00 | |
| 100 | @a20191118d2019 em y0chiy50 ea | |
| 101 | 0 | @achi |
| 102 | @aCN@b110000 | |
| 105 | @aak a 000yy | |
| 200 | 1 | @a高分子化学与物理实验@Agao fen zi hua xue yu wu li shi yan@d= Experiment of polymer chemistry and physics@f支俊格, 叶彦春, 龙海涛编著@zeng |
| 210 | @a北京@c北京理工大学出版社@d2019.08 | |
| 215 | @a161页@c图@d26cm | |
| 320 | @a有书目 (第159-161页) | |
| 330 | @a本书将高分子化学与高分子物理实验有机的结合在一起, 既包括高分子合成中基础的、经典的实验, 如典型的自由基聚合、共聚合、离子聚合、配位聚合、缩合聚合实验以及高分子化学反应等内容 ; 又涵盖聚合物性能测试的高分子物理实验, 如结构测试的红外光谱法、X射线衍射法, 分子量及分子量分布测定的凝胶渗透色谱法、黏度法等, 聚集态结构表征的偏光显微镜法、扫面电镜法, 热性能及力学性能表征的热重法、差热扫描量热法以及动态黏弹谱法等。 | |
| 333 | @a普通高等教育“十三五”规划教材 | |
| 510 | 1 | @aExperiment of polymer chemistry and physics@zeng |
| 606 | 0 | @a高分子化学@Agao fen zi hua xue@x化学实验@x高等教育@j教材 |
| 606 | 0 | @a高聚物物理学@Agao ju wu wu li xue@x实验@x高等教育@j教材 |
| 690 | @aO63-33@v5 | |
| 690 | @aO631.2-33@v5 | |
| 701 | 0 | @a支俊格@Azhi jun ge@4编著 |
| 701 | 0 | @a叶彦春@Aye yan chun@4编著 |
| 701 | 0 | @a龙海涛@Along hai tao@4编著 |
| 801 | 0 | @aCN@b人天书店@c20201005 |
| 905 | @aZUCC@dO63-33@eZ467 | |
| 高分子化学与物理实验= Experiment of polymer chemistry and physics/支俊格, 叶彦春, 龙海涛编著.-北京:北京理工大学出版社,2019.08 |
| 161页:图;26cm |
| 使用对象:普通高等教育“十三五”规划教材 |
| ISBN 978-7-5682-7444-9:CNY38.00 |
| 本书将高分子化学与高分子物理实验有机的结合在一起, 既包括高分子合成中基础的、经典的实验, 如典型的自由基聚合、共聚合、离子聚合、配位聚合、缩合聚合实验以及高分子化学反应等内容 ; 又涵盖聚合物性能测试的高分子物理实验, 如结构测试的红外光谱法、X射线衍射法, 分子量及分子量分布测定的凝胶渗透色谱法、黏度法等, 聚集态结构表征的偏光显微镜法、扫面电镜法, 热性能及力学性能表征的热重法、差热扫描量热法以及动态黏弹谱法等。 |
| ● |
| 相关链接 |
|
|
|
正题名:高分子化学与物理实验
索取号:O63-33/Z467
 
预约/预借
| 序号 | 登录号 | 条形码 | 馆藏地/架位号 | 状态 | 备注 |
| 1 | 1479074 | 214790742 | 自科库401/401自科库 93排1列5层/ [索取号:O63-33/Z467] | 在馆 | |
| 2 | 1479075 | 214790751 | 自科库401/401自科库 93排1列5层/ [索取号:O63-33/Z467] | 在馆 |